[Event "CAT-chT Honor Division 2019"]
[Site "Catalonia"]
[Date "2019.02.02"]
[Round "3"]
[White "Demuth, Adrien"]
[Black "Magem Badals, Jordi"]
[Result "1/2-1/2"]
[WhiteElo "2519"]
[BlackElo "2522"]
[Annotator "TA"]
[PlyCount "47"]
[EventDate "2019.01.16"]
[EventType "team-tourn"]
[EventCountry "ESP"]
[SourceTitle "playchess.com"]
[Source "ChessBase"]
[SourceQuality "1"]
[WhiteTeam "Mollet"]
[BlackTeam "Colon Sabadell"]

{[%evp 17,47,22,34,34,58,52,69,62,55,52,68,69,83,70,68,39,57,31,52,22,35,0,0,0,0,0,0,0,0,0,0,0]} 1. c4 e6 2. Nf3 d5 3. b3 a5 4. Nc3 Nf6 5. Bb2 Be7 6. g3 {A13: English Opening: 1...e6} O-O 7. Bg2 b6 8. O-O Bb7 9. e3 Na6 {LiveBook: 3 Games} 10. d4 c5 $146 ({Predecessor:} 10... Ne4 11. Ne5 Nxc3 12. Bxc3 Bd6 13. Nd3 Nb4 14. Nb2 Qe7 15. a3 Na6 16. cxd5 exd5 {0-1 (82) Damljanovic,B (2561)-Malakhatko,V (2513) Herceg Novi 2001}) 11. Qe2 dxc4 12. bxc4 cxd4 13. exd4 Re8 14. Rfd1 Bf8 15. Rac1 Rc8 16. Nb5 Nc7 17. a4 Nxb5 18. axb5 Qc7 19. Ne5 Bxg2 {The position is equal.} 20. Kxg2 Nd7 $1 21. Nc6 Nb8 $1 22. Ne5 Nd7 23. Nc6 Nb8 $1 24. Ne5 {Precision: White = 75%, Black = 59%.} 1/2-1/2

[Event "CAT-chT Honor Division 2019"]
[Site "Catalonia"]
[Date "2019.02.02"]
[Round "3"]
[White "Sosa, Tomas"]
[Black "Diaz Camallonga, Carles"]
[Result "1/2-1/2"]
[WhiteElo "2499"]
[BlackElo "2432"]
[Annotator "RC"]
[PlyCount "61"]
[EventDate "2019.01.16"]
[EventType "team-tourn"]
[EventCountry "ESP"]
[SourceTitle "playchess.com"]
[Source "ChessBase"]
[SourceQuality "1"]
[WhiteTeam "Mollet"]
[BlackTeam "Colon Sabadell"]
[TimeControl "5400+30"]

1. e4 e6 2. d4 d5 3. Nd2 c5 4. exd5 Qxd5 5. Ngf3 cxd4 6. Bc4 Qd6 7. O-O Nf6 8. Nb3 Nc6 9. Nbxd4 Nxd4 10. Nxd4 Be7 11. b3 O-O 12. Bb2 Qf4 13. Qc1 Qxc1 14. Raxc1 Rd8 15. Rcd1 Bd7 16. Be2 Rac8 17. c4 a5 18. Bf3 b6 19. g3 a4 20. h4 Kf8 21. Bb7 Rc7 22. Bg2 Be8 23. Nf3 Rxd1 24. Rxd1 b5 25. Ne5 axb3 26. axb3 bxc4 27. bxc4 Bc5 28. Nd3 Be7 29. Ne5 Bc5 30. Nd3 Be7 31. Ne5 1/2-1/2

[Event "CAT-chT Honor Division 2019"]
[Site "Catalonia"]
[Date "2019.02.02"]
[Round "3"]
[White "Gonzalez Garcia, Jose"]
[Black "Krysa, Leandro"]
[Result "1/2-1/2"]
[WhiteElo "2492"]
[BlackElo "2499"]
[Annotator "TA"]
[PlyCount "72"]
[EventDate "2019.01.16"]
[EventType "team-tourn"]
[EventCountry "ESP"]
[SourceTitle "playchess.com"]
[Source "ChessBase"]
[SourceQuality "1"]
[WhiteTeam "Colon Sabadell"]
[BlackTeam "Mollet"]

{[%evp 20,72,4,0,0,0,30,-7,31,27,12,19,31,11,21,16,24,22,22,19,34,13,13,6,12,6,9,13,14,9,0,-90,-71,-84,-84,-81,-91,-77,-8,-8,-3,-9,0,0,0,0,0,0,0,0,0,0,0,0,0]} 1. Nf3 $146 (1. d4 Nf6 2. c4 e6 3. Nf3 {0-1 (49) Agdestein,S (2606)-Meier,G (2654) Berlin 2015}) ({Predecessor:} 1. d4 Nf6 2. c4 e6 3. Nf3 {1-0 (41) Naumkin,I (2397)-Gascon del Nogal,J (2489) Gijon 2017}) 1... d5 2. d4 Nf6 3. c4 e6 4. Nc3 dxc4 5. e3 a6 6. a4 c5 7. Bxc4 Nc6 8. O-O Be7 9. Qe2 ({Predecessor:} 9. h3 O-O 10. b3 Qc7 11. Qe2 Rd8 12. Rd1 Na5 {1-0 (41) Naumkin,I (2397)-Gascon del Nogal,J (2489) Gijon 2017}) 9... O-O 10. Rd1 Qc7 11. b3 Rd8 {D27: Queen's Gambit Accepted: Classical main line: 7 e4!? and 7 a4} (11... cxd4 12. exd4 Na5 13. Bb2 Re8 14. Ne5 b6 15. Ne4 Nxc4 16. bxc4 Nxe4 17. Qxe4 Bb7 18. Qe2 Bd6 19. f4 f6 20. Nf3 Bxf4 21. h3 {0-1 (49) Agdestein,S (2606)-Meier,G (2654) Berlin 2015}) 12. Bb2 Na5 13. h3 b6 ({Predecessor:} 13... Nxc4 14. bxc4 cxd4 15. exd4 Bf8 16. Rac1 h6 17. Ne5 Bd7 18. Rd3 Be8 19. d5 Rac8 20. Ne4 Nxe4 21. Qxe4 {1-0 (41) Naumkin,I (2397)-Gascon del Nogal,J (2489) Gijon 2017}) 14. d5 exd5 15. Nxd5 Nxd5 16. Bxd5 Bb7 17. Be5 Bd6 18. Bxb7 Nxb7 19. Bc3 Bf8 20. Rxd8 Nxd8 {[%cal Bb7d8,Bd8c6,Bc6d4,Bd4b3][%mdl 32]} 21. Rd1 Nc6 22. Ng5 {[#] Hoping for Qg4.} h6 23. Ne4 Qc8 24. Rd5 Qe6 25. Qd3 (25. Qg4 $11 {remains equal.}) 25... Nd4 $1 $17 26. Rh5 Nxb3 27. Re5 Qc6 28. Qc4 {[#]} Re8 ({Better is} 28... Na5 $1 $17 {[%cal Ra5c4]} 29. Bxa5 bxa5) 29. Rxe8 $11 {The position is equal.} Qxe8 30. Ng3 $36 {[%mdl 2048] White has the initiative.} Qe6 31. Qxa6 c4 32. Qa8 Nc5 33. Bd4 Nb3 34. Bc3 Nc5 35. Bd4 Nb3 36. Bc3 Nc5 {Accuracy: White = 72%, Black = 64%.} 1/2-1/2

[Event "CAT-chT Honor Division 2019"]
[Site "Catalonia"]
[Date "2019.02.02"]
[Round "3"]
[White "Rios, Cristhian Camilo"]
[Black "Lorenzo De La Riva, Lazaro"]
[Result "1-0"]
[WhiteElo "2482"]
[BlackElo "2397"]
[Annotator "RC"]
[PlyCount "99"]
[EventDate "2019.01.16"]
[EventType "team-tourn"]
[EventCountry "ESP"]
[SourceTitle "playchess.com"]
[Source "ChessBase"]
[SourceQuality "1"]
[WhiteTeam "Mollet"]
[BlackTeam "Colon Sabadell"]
[TimeControl "5400+30"]

1. d4 Nf6 2. c4 g6 3. Nc3 Bg7 4. e4 d6 5. Nf3 O-O 6. h3 e5 7. d5 a5 8. Be3 Na6 9. g4 Nd7 10. a3 Ndc5 11. b4 Nd7 12. Rb1 Re8 13. Be2 Nab8 14. c5 axb4 15. axb4 Bf8 16. Na4 Nf6 17. Nd2 Bd7 18. Nc3 c6 19. Nc4 cxd5 20. exd5 dxc5 21. bxc5 Na6 22. g5 Nh5 23. Bxh5 gxh5 24. Ne4 Bf5 25. Nf6+ Kh8 26. d6 Bg7 27. Nxe8 Qxe8 28. d7 Bxd7 29. Nd6 Qe6 30. Qb3 Qxb3 31. Rxb3 Bc6 32. O-O Kg8 33. Nxb7 Bf8 34. Ra1 Nxc5 35. Rxa8 Nxb3 36. Rb8 Nd4 37. Nd6 Kg7 38. Bxd4 Bxd6 39. Rd8 Bc7 40. Rc8 exd4 41. Rxc7 Bb5 42. Rc5 Be2 43. Rd5 d3 44. f4 h4 45. Rd6 Kf8 46. Kf2 Kg8 47. Rh6 Kg7 48. Rxh4 Kg6 49. Rh6+ Kf5 50. Ke3 1-0

[Event "CAT-chT Honor Division 2019"]
[Site "Catalonia"]
[Date "2019.02.02"]
[Round "3"]
[White "Fluvia Poyatos, Joan"]
[Black "Alonso Bouza, Julio Javier"]
[Result "1-0"]
[WhiteElo "2475"]
[BlackElo "2398"]
[Annotator "RC"]
[PlyCount "129"]
[EventDate "2019.01.16"]
[EventType "team-tourn"]
[EventCountry "ESP"]
[SourceTitle "playchess.com"]
[Source "ChessBase"]
[SourceQuality "1"]
[WhiteTeam "Sant Josep Badalona"]
[BlackTeam "Cerdanyola"]
[TimeControl "5400+30"]

1. Nf3 {[%emt 0:00:00]} Nf6 {[%emt 0:00:27]} 2. g3 {[%emt 0:00:00]} g6 {[%emt 0:00:06]} 3. Bg2 {[%emt 0:00:00]} Bg7 {[%emt 0:00:17]} 4. O-O {[%emt 0:00:00]} O-O {[%emt 0:00:17]} 5. d4 {[%emt 0:00:36]} d6 {[%emt 0:00:10]} 6. a4 {[%emt 0:02:33]} a5 {[%emt 0:00:53]} 7. Nbd2 {[%emt 0:05:29]} Nc6 {[%emt 0:04:45]} 8. c3 {[%emt 0:04:22]} e5 {[%emt 0:03:12]} 9. dxe5 {[%emt 0:01:11]} dxe5 {[%emt 0:00:10]} 10. Qc2 {[%emt 0:04:07]} h6 {[%emt 0:08:34]} 11. b3 {[%emt 0:09:31]} e4 {[%emt 0:09:30]} 12. Nd4 {[%emt 0:06:45]} Nxd4 {[%emt 0:09:11]} 13. cxd4 {[%emt 0:00:07]} Qxd4 {[%emt 0:14:27]} 14. Bb2 {[%emt 0:01:29]} Qb6 {[%emt 0:01:35]} 15. Nxe4 {[%emt 0:08:58]} Nxe4 {[%emt 0:00:26]} 16. Bxe4 {[%emt 0:00:10]} Bxb2 {[%emt 0:01:34]} 17. Qxb2 {[%emt 0:00:08]} Bh3 {[%emt 0:07:01]} 18. Rfc1 {[%emt 0:06:02]} Rad8 {[%emt 0:02:02]} 19. Qc3 {[%emt 0:02:32]} Rfe8 {[%emt 0:02:38]} 20. Bf3 {[%emt 0:03:22]} Be6 {[%emt 0:00:31]} 21. Rab1 {[%emt 0:01:17]} c6 {[%emt 0:05:45]} 22. b4 {[%emt 0:01:36]} axb4 {[%emt 0:01:18]} 23. Rxb4 {[%emt 0:00:10]} Qa7 {[%emt 0:03:00]} 24. Rcb1 {[%emt 0:02:15]} Qa5 {[%emt 0:02:47]} 25. Qc1 {[%emt 0:04:11]} Bf5 {[%emt 0:15:23]} 26. e4 {[%emt 0:06:31]} Bc8 {[%emt 0:02:10]} 27. Qxh6 {[%emt 0:01:08]} c5 {[%emt 0:01:44]} 28. Rb5 {[%emt 0:06:11]} Qxa4 {[%emt 0:00:06]} 29. Rxc5 {[%emt 0:00:29]} Qa3 {[%emt 0:00:08]} 30. Qe3 {[%emt 0:03:23]} Qxe3 {[%emt 0:01:58]} 31. fxe3 {[%emt 0:00:04]} Rd3 {[%emt 0:00:29]} 32. Re1 {[%emt 0:04:03]} Rb3 {[%emt 0:02:09]} 33. Kf2 {[%emt 0:01:15]} b6 {[%emt 0:01:05]} 34. Rc7 {[%emt 0:02:03]} Ba6 {[%emt 0:00:28]} 35. Rec1 {[%emt 0:03:06]} Rb2+ {[%emt 0:00:36]} 36. R1c2 {[%emt 0:00:29]} Rxc2+ {[%emt 0:00:07]} 37. Rxc2 {[%emt 0:00:04]} Bd3 {[%emt 0:00:11]} 38. Rb2 {[%emt 0:00:21]} Bxe4 {[%emt 0:00:47]} 39. Rxb6 {[%emt 0:00:08]} Bxf3 {[%emt 0:00:25]} 40. Kxf3 {[%emt 0:00:03]} Ra8 {[%emt 0:00:24]} 41. h4 {[%emt 0:01:05]} Ra1 {[%emt 0:00:35]} 42. Rb2 {[%emt 0:00:28]} Rf1+ {[%emt 0:00:41]} 43. Rf2 {[%emt 0:00:10]} Ra1 {[%emt 0:00:17]} 44. Kg2 {[%emt 0:01:29]} Re1 {[%emt 0:00:40]} 45. Kf3 {[%emt 0:01:27]} Ra1 {[%emt 0:00:05]} 46. Re2 {[%emt 0:00:09]} Rf1+ {[%emt 0:00:06]} 47. Kg2 {[%emt 0:00:04]} Ra1 {[%emt 0:00:15]} 48. g4 {[%emt 0:00:05]} Kg7 {[%emt 0:00:31]} 49. Rf2 {[%emt 0:00:51]} Re1 {[%emt 0:00:11]} 50. Rf3 {[%emt 0:00:07]} Ra1 {[%emt 0:00:14]} 51. Rh3 {[%emt 0:00:17]} Re1 {[%emt 0:02:04]} 52. Kf2 {[%emt 0:00:16]} Ra1 {[%emt 0:00:07]} 53. Kg2 {[%emt 0:02:52]} Re1 {[%emt 0:00:15]} 54. h5 {[%emt 0:00:20]} gxh5 {[%emt 0:00:49]} 55. gxh5 {[%emt 0:00:03]} Ra1 {[%emt 0:00:50]} 56. Kf3 {[%emt 0:00:22]} Rf1+ {[%emt 0:00:44]} 57. Ke4 {[%emt 0:00:22]} f5+ {[%emt 0:00:44]} 58. Ke5 {[%emt 0:01:09]} Kh6 {[%emt 0:00:12]} 59. Rh4 {[%emt 0:01:04]} Rf3 {[%emt 0:00:32]} 60. Kd4 {[%emt 0:00:06]} Kg5 {[%emt 0:00:32]} 61. h6 {[%emt 0:00:58]} Kxh4 {[%emt 0:00:25]} 62. h7 {[%emt 0:00:05]} Rh3 {[%emt 0:00:38]} 63. h8=Q+ {[%emt 0:00:11]} Kg4 {[%emt 0:00:18]} 64. Qg7+ {[%emt 0:00:18]} Kf3 {[%emt 0:00:25]} 65. Qg5 {[%emt 0:00:14]} 1-0

[Event "CAT-chT Honor Division 2019"]
[Site "Catalonia"]
[Date "2019.02.02"]
[Round "3"]
[White "Romero Holmes, Alfonso"]
[Black "Garriga Cazorla, Pere"]
[Result "0-1"]
[WhiteElo "2423"]
[BlackElo "2445"]
[Annotator "TA"]
[PlyCount "126"]
[EventDate "2019.01.16"]
[EventType "team-tourn"]
[EventCountry "ESP"]
[SourceTitle "playchess.com"]
[Source "ChessBase"]
[SourceQuality "1"]
[WhiteTeam "Colon Sabadell"]
[BlackTeam "Mollet"]

{[%evp 9,126,14,22,20,17,18,22,19,9,22,27,25,14,0,-2,-11,-3,-14,0,-11,-7,-20,0,0,0,0,0,0,0,-60,-25,-45,-13,0,-29,0,0,-43,71,0,-12,-11,0,0,14,0,7,12,27,10,15,15,16,0,0,0,20,0,0,-412,-409,-447,-379,-350,-210,-203,-164,-160,-165,-172,-160,-162,-160,-184,-183,-173,-162,-179,-136,-154,-104,-134,-86,-195,-189,-179,-127,-131,-133,-218,-191,-211,-203,-220,-217,-212,-195,-231,-160,-720,-720,-720,-720,-713,-713,-706,-706,-677,-623,-630,-608,-608,-608,-608,-608,-29976,-29977,-6896,-5141]} 1. e4 c5 2. Nf3 d6 3. Bb5+ Nd7 4. c3 a6 (4... Ngf6 5. Bd3 Ne5 6. Be2 Nxf3+ 7. Bxf3 e5 8. d4 Be7 9. O-O O-O 10. Be3 b6 11. Nd2 Qc7 12. Re1 Bd7 {0-1 (55) Aronian,L (2765)-Vachier Lagrave,M (2781) London 2018}) 5. Ba4 Ngf6 $146 ({Predecessor:} 5... e6 6. O-O Be7 7. d4 b5 8. Bc2 Qc7 9. Re1 Bb7 10. Nbd2 {1-0 (50) Delgado Ramirez,N (2575)-Brito,L (2270) Asuncion 2012}) 6. Bc2 {B51: Sicilian: Moscow Variation (3 Bb5+) without 3...Bd7} b5 7. d4 Bb7 8. Nbd2 {The position is equal.} e6 9. O-O Be7 10. Re1 Qc7 11. a4 ({Predecessor:} 11. Nf1 Rc8 12. Bd3 {1-0 (50) Delgado Ramirez,N (2575)-Brito,L (2270) Asuncion 2012}) 11... O-O 12. e5 dxe5 13. dxe5 Nd5 14. Ne4 Rfd8 15. Nfg5 Nxe5 16. Qh5 $1 $40 {[%cal Rh5h7][%mdl 128] White mounts an attack.} h6 17. f4 hxg5 18. fxe5 g6 19. Qh6 (19. Qg4 $11) 19... Qxe5 $15 20. Bxg5 {Black must now prevent Nf6+!} Bxg5 21. Nxg5 {Threatening mate with Qh7+.} Qg7 22. Qh4 Nf6 23. Re2 (23. Rf1 $5 {[%cal Rf1f6]} Rd2 {[%mdl 64] Double Attack} 24. Rf2 $11) 23... Nh7 {[#]} (23... Rd7 $1 $15 {keeps the upper hand.}) 24. Nxh7 (24. Nxf7 $1 $16 {[%mdl 512]} Qxf7 25. Rf1) 24... Qxh7 $11 25. Qe7 Bd5 26. Qxc5 Rdc8 27. Qd6 Rd8 28. Qf4 Bc4 29. Re3 Qg7 30. Rg3 Rac8 $1 {[%cal Ba8c8,Bc8c5,Bc5d5,Bd5d4][%mdl 32]} 31. Re1 Rc5 32. axb5 Bxb5 33. h3 {Hoping for Rxe6!} Rcd5 34. Rxe6 $2 {[%mdl 8192]} (34. Kh2 $11 {and White has nothing to worry.}) 34... g5 $19 35. Qg4 {And now Bb3 would win.} fxe6 36. c4 {[#]} Bxc4 $1 37. Qxc4 Qd4+ 38. Qxd4 Rxd4 39. Rxg5+ {[%mdl 4096] Endgame KRR-KRB} Kf7 40. Rc5 Kf6 41. Kf2 Rd2+ 42. Kf3 R8d5 43. Rc6 a5 44. b3 Ke7 45. h4 Rd8 46. g3 (46. Be4 $17 {was worth a try.}) 46... Rf8+ 47. Kg4 Rd4+ ({Black should play} 47... Rdd8 $19 48. Ra6 Ra8) 48. Kh3 $17 Rf1 49. Ra6 {[#]} (49. Bg6 $17 {is a better defense.}) 49... Rh1+ $1 $19 50. Kg2 Rc1 51. Bh7 Rc5 52. Bg8 Re5 53. h5 Rd8 ({Don't do} 53... Rxh5 54. Rxe6+ Kf8 55. Rg6) 54. Bxe6 $2 (54. Ra7+ $17 Kf6 55. Rf7+ Kg5 56. Rg7+ Kxh5 57. Bf7+ Kh6 58. Rg6+ Kh7 59. Rxe6 Rxe6 60. Bxe6) 54... Rxe6 55. Rxa5 Rd3 56. b4 Rb3 57. Kh3 Rxb4 58. Rg5 Kf6 59. Rg8 Kf7 60. Rg5 Re1 61. Rc5 Kf6 62. g4 Rb3+ 63. Kg2 Re2+ {Accuracy: White = 33%, Black = 80%.} 0-1

[Event "CAT-chT Honor Division 2019"]
[Site "Catalonia"]
[Date "2019.02.02"]
[Round "3"]
[White "Perez Mitjans, Orelvis"]
[Black "Guerra Mendez, Jose Angel"]
[Result "1/2-1/2"]
[WhiteElo "2377"]
[BlackElo "2531"]
[Annotator "RC"]
[PlyCount "48"]
[EventDate "2019.01.16"]
[EventType "team-tourn"]
[EventCountry "ESP"]
[SourceTitle "playchess.com"]
[Source "ChessBase"]
[SourceQuality "1"]
[WhiteTeam "Sant Josep Badalona"]
[BlackTeam "Cerdanyola"]
[TimeControl "5400+30"]

1. e4 {[%emt 0:04:30]} e5 {[%emt 0:00:06]} 2. Nf3 {[%emt 0:00:07]} Nc6 {[%emt 0:00:09]} 3. Bb5 {[%emt 0:00:06]} a6 {[%emt 0:00:07]} 4. Ba4 {[%emt 0:00:05]} Nf6 {[%emt 0:00:38]} 5. O-O {[%emt 0:00:13]} Be7 {[%emt 0:00:08]} 6. d3 {[%emt 0:00:13]} b5 {[%emt 0:01:07]} 7. Bb3 {[%emt 0:00:05]} d6 {[%emt 0:00:29]} 8. a3 {[%emt 0:00:20]} O-O {[%emt 0:00:44]} 9. Nc3 {[%emt 0:00:17]} Bg4 {[%emt 0:00:35]} 10. Be3 {[%emt 0:00:29]} Nd4 {[%emt 0:00:29]} 11. Bxd4 {[%emt 0:00:43]} exd4 {[%emt 0:00:23]} 12. Nd5 {[%emt 0:00:09]} c5 {[%emt 0:00:41]} 13. a4 {[%emt 0:10:42]} Be6 {[%emt 0:00:49]} 14. Nxe7+ {[%emt 0:12:57]} Qxe7 {[%emt 0:00:09]} 15. Bxe6 {[%emt 0:00:17]} Qxe6 {[%emt 0:04:07]} 16. Qd2 {[%emt 0:03:45]} Qd7 {[%emt 0:13:53]} 17. axb5 {[%emt 0:00:20]} axb5 {[%emt 0:00:27]} 18. Ra5 {[%emt 0:00:39]} b4 {[%emt 0:25:42]} 19. Rfa1 {[%emt 0:01:31]} Qb7 {[%emt 0:01:40]} 20. b3 {[%emt 0:04:15]} Rxa5 {[%emt 0:00:39]} 21. Rxa5 {[%emt 0:00:05]} Ra8 {[%emt 0:00:09]} 22. Rxa8+ {[%emt 0:00:35]} Qxa8 {[%emt 0:00:04]} 23. h3 {[%emt 0:00:27]} Ne8 {[%emt 0:19:47]} 24. e5 {[%emt 0:18:57]} Qd8 1/2-1/2

[Event "CAT-chT Honor Division 2019"]
[Site "Catalonia"]
[Date "2019.02.02"]
[Round "3"]
[White "Alonso Garcia, Rene Marcial"]
[Black "Panelo, Marcelo"]
[Result "1/2-1/2"]
[WhiteElo "2348"]
[BlackElo "2366"]
[Annotator "NA RC"]
[PlyCount "29"]
[EventDate "2019.01.16"]
[EventType "team-tourn"]
[EventCountry "ESP"]
[SourceTitle "playchess.com"]
[Source "ChessBase"]
[SourceQuality "1"]
[WhiteTeam "Cerdanyola"]
[BlackTeam "Sant Josep Badalona"]
[TimeControl "5400+30"]

1. d4 {[%emt 0:00:00]} Nf6 {[%emt 0:00:00]} 2. Nf3 {[%emt 0:00:00]} e6 {[%emt 0:01:42]} 3. c4 {[%emt 0:00:00]} Bb4+ {[%emt 0:00:32]} 4. Nbd2 {[%emt 0:00:00]} O-O {[%emt 0:02:50]} 5. a3 {[%emt 0:00:14]} Be7 {[%emt 0:00:09]} 6. e4 {[%emt 0:00:05]} d6 {[%emt 0:00:23]} 7. Be2 {[%emt 0:00:06]} c5 {[%emt 0:02:03]} 8. d5 e5 {[%emt 0:04:45]} 9. Qc2 {[%emt 0:08:59]} g6 {[%emt 0:07:40]} 10. Nf1 {[%emt 0:10:00]} Nh5 {[%emt 0:03:51]} 11. Bh6 {[%emt 0:00:17]} Re8 {[%emt 0:03:42]} 12. g3 {[%emt 0:00:22]} f5 {[%emt 0:08:39]} 13. N3d2 {[%emt 0:08:27]} Bg5 {[%emt 0:11:00]} 14. Bxg5 {[%emt 0:01:07]} Qxg5 15. h4 {[%emt 0:09:14]} 1/2-1/2

[Event "CAT-chT Honor Division 2019"]
[Site "Catalonia"]
[Date "2019.02.02"]
[Round "3"]
[White "Bofill Mas, Alejandro"]
[Black "Fernandez Diaz, Cristian"]
[Result "0-1"]
[WhiteElo "2324"]
[BlackElo "2224"]
[Annotator "NA RC"]
[PlyCount "88"]
[EventDate "2019.01.16"]
[EventType "team-tourn"]
[EventCountry "ESP"]
[SourceTitle "playchess.com"]
[Source "ChessBase"]
[SourceQuality "1"]
[WhiteTeam "Colon Sabadell"]
[BlackTeam "Mollet"]
[TimeControl "5400+30"]

1. c4 e5 2. g3 Nf6 3. Bg2 c6 4. d4 Bb4+ 5. Bd2 Bxd2+ 6. Qxd2 exd4 7. Qxd4 d5 8. cxd5 cxd5 9. Nf3 Nc6 10. Qa4 Qb6 11. Nbd2 O-O 12. O-O Bf5 13. Qb3 Qa6 14. e3 Rad8 15. Rfd1 Ne4 16. Bf1 Qa5 17. Qxb7 Rc8 18. Nb3 Qd8 19. Nfd4 Qf6 20. f3 Nd6 21. Qa6 Ne5 22. Qe2 Nec4 23. Qf2 Bg6 24. Rac1 Rfe8 25. Rc3 a5 26. Bxc4 Nxc4 27. Rdc1 Rb8 28. Rxc4 dxc4 29. Rxc4 Qa6 30. Rc3 Rec8 31. Qd2 a4 32. Na5 Rxc3 33. Qxc3 a3 34. b4 h5 35. b5 Qd6 36. Nac6 Rb6 37. e4 f6 38. Kg2 Bf7 39. Nf5 Qd7 40. Qc5 Qd2+ 41. Kh3 Qe2 42. Nh6+ Kh7 43. Nxf7 Qf1+ 44. Kh4 Rxb5 0-1

[Event "CAT-chT Honor Division 2019"]
[Site "Catalonia"]
[Date "2019.02.02"]
[Round "3"]
[White "Bru Rullo, Llatzer"]
[Black "Gutierrez Clares, Joaquim"]
[Result "1/2-1/2"]
[WhiteElo "2298"]
[BlackElo "2250"]
[Annotator "NA RC"]
[PlyCount "23"]
[EventDate "2019.01.16"]
[EventType "team-tourn"]
[EventCountry "ESP"]
[SourceTitle "playchess.com"]
[Source "ChessBase"]
[SourceQuality "1"]
[WhiteTeam "Cerdanyola"]
[BlackTeam "Sant Josep Badalona"]
[TimeControl "5400+30"]

1. d4 {[%emt 0:00:28]} Nf6 {[%emt 0:02:33]} 2. c4 {[%emt 0:03:08]} g6 {[%emt 0:00:15]} 3. Nc3 {[%emt 0:00:02]} Bg7 {[%emt 0:00:11]} 4. e4 {[%emt 0:00:01]} d6 {[%emt 0:00:10]} 5. Nf3 {[%emt 0:00:01]} O-O {[%emt 0:00:14]} 6. h3 {[%emt 0:00:00]} Na6 {[%emt 0:04:47]} 7. Be3 {[%emt 0:00:00]} e5 {[%emt 0:01:03]} 8. d5 {[%emt 0:00:00]} Nc5 {[%emt 0:02:16]} 9. Nd2 {[%emt 0:00:18]} a5 {[%emt 0:00:16]} 10. g4 {[%emt 0:02:24]} Nfd7 {[%emt 0:11:29]} 11. Rg1 {[%emt 0:07:03]} c6 12. a3 1/2-1/2

[Event "CAT-chT Honor Division 2019"]
[Site "Catalonia"]
[Date "2019.02.02"]
[Round "3"]
[White "Garcia Ramos, Daniel"]
[Black "Montilla Carrillo, Esteban"]
[Result "1-0"]
[WhiteElo "2282"]
[BlackElo "2177"]
[Annotator "NA RC"]
[PlyCount "93"]
[EventDate "2019.01.16"]
[EventType "team-tourn"]
[EventCountry "ESP"]
[SourceTitle "playchess.com"]
[Source "ChessBase"]
[SourceQuality "1"]
[WhiteTeam "Colon Sabadell"]
[BlackTeam "Mollet"]
[TimeControl "5400+30"]

1. e4 e5 2. Nf3 Nc6 3. Bc4 Bc5 4. c3 Nf6 5. d4 exd4 6. e5 d5 7. Bb5 Ne4 8. cxd4 Bb6 9. Nc3 O-O 10. Be3 Bg4 11. h3 Bh5 12. O-O f5 13. exf6 Nxc3 14. bxc3 Qxf6 15. Be2 h6 16. a4 Rad8 17. Re1 Bxf3 18. Bxf3 Na5 19. Qd3 c6 20. Ra2 Bc7 21. Bd1 Rde8 22. Rae2 Re6 23. Bc2 Rfe8 24. Bc1 Rxe2 25. Rxe2 Rxe2 26. Qxe2 Kf8 27. Qg4 Bd6 28. g3 Ke7 29. Kg2 Kd8 30. h4 Nc4 31. Bd3 b5 32. Qh5 Qe6 33. axb5 cxb5 34. Bf5 Qf6 35. Bg4 Nb6 36. Bf3 Qe6 37. Bd2 Bf8 38. Be2 Nc4 39. Bf4 g6 40. Qf3 Bg7 41. Bd3 Ke7 42. Bc1 a5 43. Qf4 b4 44. Qc7+ Kf6 45. Bg5+ hxg5 46. hxg5+ Kxg5 47. Qf4+ 1-0